| 000 | 01335nam0a2200325 4500 | ||
|---|---|---|---|
| 001 | RU\NLR\BIBL_A\011263343 | ||
| 005 | 20250626034336.0 | ||
| 010 | _a978-5-9710-3966-2 | ||
| 021 |
_aRU _b2016-82009 _95351 |
||
| 035 | _a(NLR Aleph) 011263343 | ||
| 090 |
_a12229117 _c12229117 |
||
| 100 | _a20161108d2016 |||y0rusy50 ca | ||
| 101 | 0 | _arus | |
| 102 | _aRU | ||
| 105 | _aab z 000zy | ||
| 200 | 1 |
_aДесять актуальных вопросов о сельской России _eответы географа _fТ.Г. Нефедова _gРос. акад. наук, Ин-т географии |
|
| 205 | _aИзд. 2-е | ||
| 210 |
_aМосква _cURSS _cЛЕНАНД _d2016 |
||
| 215 |
_a452 с. _cил., карт. _d22 |
||
| 300 | _aНа 4-й с. обл. авт.: Т.Г. Нефедова, д.геогр. н. | ||
| 320 | _aБиблиогр.: с. 435-449 | ||
| 606 | 1 |
_aСельские поселения _yРоссийская Федерация _92416769 _3RU\NLR\AUTH\661439546 |
|
| 606 | 1 |
_aСельское хозяйство _yРоссийская Федерация _92092062 _3RU\NLR\AUTH\661266172 |
|
| 686 | 1 | _aУ04(2)25 | |
| 686 | 1 | _aУ32(2Р) | |
| 700 | 1 |
_aНефедова _bТ. Г. _gТатьяна Григорьевна |
|
| 942 | _cBOOK | ||
| 980 | _aNB | ||